000 03575nam a2200265 4500
003 NALT
005 20260319111254.0
008 251215b th ||||| |||| 00| 0 tha d
020 _a9786166152647
040 _aNALT
090 _aKC 1
_bจ154น 2568
100 0 _aจรัญ โฆษณานันท์
_915969
245 1 0 _aนิติปรัชญา =
_bLegal philosophy /
_cจรัญ โฆษณานันท์.
250 _aพิมพ์ครั้งที่ 23.
260 _aกรุงเทพ :
_bมหาวิทยาลัยรามคำแหง,
_c2568.
300 _a495 หน้า :
_bภาพประกอบ, ตาราง, แผนภูมิ ;
_c26 ซม.
505 2 _a1. บทนำเรื่อง : ความหมาย ขอบเขตและเป้าหมายของนิติปรัชญา -- 2. ทฤษฎีปฏิฐานนิยมทางกฎหมาย (Legal Positivism) : การก่อตัวและบทบาทความสำคัญ -- 3. ฮันส์ เคลเซ่น (Hans Kelsen) และทฤษฎีกฎหมายบริสุทธิ์ -- 4. ปฏิฐานนิยมทางกฎหมายตามแนวคิดของฮาร์ท (H.L.A. Hart) -- 5. ปฏิฐานนิยมทางกฎหมายการปฏิวัติรัฐประหาร และปัญหาสืบเนื่องทางปรัชญากฎหมาย -- 6. ปรัชญากฎหมายธรรมชาติ : ความใฝ่ฝันหรือความเชื่อในกฎหมายอุดมคติ -- 7. ทฤษฎีกฎหมายของดวอร์กิ้น (Ronald Dworkin) : จากศักดิ์ศรีแห่งความเป็นมนุษย์สู่หลักการ, สิทธิและความเที่ยงตรงเป็นธรรมแห่งกฎหมาย -- 8. การบังคับควบคุมศีลธรรมโดยกฎหมาย (Legal Enforcement of Morality) -- 9. สำนักกฎหมายประวัติศาสตร์ (Historical School of Law) -- 10. ลัทธิอรรถประโยชน์ ( Utilitarianism) -- 11. ทฤษฎีนิติศาสตร์เชิงสังคมวิทยา (Sociological Jurisprudence) -- 12. ทฤษฎีกฎหมายของมาร์กซิสต์ (The Marxist Theory of Law) -- 13. สัจนิยมทางกฎหมาย (Legal Realism) -- 14. การเคารพนับถือกฎหมาย (Obedience to Law) และการดื้อแพ่งกฎหมายของประชาชน (Civil Disobedience) -- 15. บริบททางสังคมและประวัติศาสตร์ของอุดมการณ์หลักนิติธรรม (Historico Societal Context of the Rule of Law Ideology) 16. ความยุติธรรม (Justice) : มิติแห่งอุดมคติและความเป็นจริง.
650 4 _aกฎหมาย
_xปรัชญา
_99350
942 _2local
_cLB
996 _ajidapa.t
_bACQSTF
_c2025-12-15
996 _avaree.k
_bLIBSTF
_c2025-12-15
996 _asaiphon.d
_bCATSTF
_c2025-12-16
999 _c107563
_d107563
998 _j111
_k นางสาวพจพิณ พรมเอี่ยม